000 00519nam a22001577a 4500
008 230405b |||||||| |||| 00| 0 eng d
020 _a0195656075
040 _aNational Science Library
_cNational Science Library
080 _a330.34(047.7)
_bP0
245 _aHuman development report 2000
_c/ United Nations Development Programme
260 _aNew York:
_bUnited Nations Development Programme,
_c2000
300 _axiv, 290p.
650 _aEconomics
653 _aHuman development indicators
942 _2udc
_cREP
999 _c18724
_d18724